Yo exporto ... y Ud.? / (Registro nro. 10681)
[ vista simple ]
| 000 -Cabecera (24) | |
|---|---|
| Campo de control interno | 00920nam a22002294a 4500 |
| 001 - Número de control | |
| Campo de control | BIBLIOTECA MUNICIPAL DE BARRANCO |
| 007 - Tipo material - Descripcion fisica - info general | |
| Tipo material | ta |
| 008 - Códigos de longitud fija (40p) | |
| Campo de control de longitud fija | t pe gr 00| 0 spa d |
| 040 ## - Origen de la Catalogacion | |
| Origen de la Catalogacion | BIBLIOTECA MUNICIPAL DE BARRANCO |
| 041 ## - Código de idioma (R) | |
| Código de lengua del texto/banda sonora o título independiente (R) | spa |
| 043 ## - Pais ISO | |
| País ISO | pe |
| 082 ## - Número de la Clasificación | |
| Numero de edición | 382.6 |
| Número de documento/Ítem | R68 1994. |
| 100 ## - Autor Personal | |
| Autor Personal | Rivero Herrera, Edgard. |
| 245 ## - Titulo | |
| Titulo | Yo exporto ... y Ud.? / |
| Mencion del autor | Edgard Rivero Herrera. |
| 260 ## - Pie de imprenta | |
| Ciudad | Lima : |
| Editorial | Negocios Internacionales : Centro de Documentación Andina, |
| Año | 1994. |
| 300 ## - Descripcion | |
| Páginas | 132 p. : |
| Otros detalles físicos | il. pleg. ; |
| Dimensiones | 21 cm. |
| 504 ## - Nota Bibliografica | |
| Nota bibliografica | Bibliografía: p. 131. |
| 520 ## - Resumen | |
| Resumen | Indicaciones detalladas para realizar el proceso de exportación, las modalidades de pago, el financiamiento, el embalaje y el transporte, así como los trámites de aduana. |
| 650 #0 - Temas - Descriptores | |
| 9 (RLIN) | 6571 |
| Temas - Descriptores | Procedimiento administrativo-Perú. |
| 650 #0 - Temas - Descriptores | |
| 9 (RLIN) | 6572 |
| Temas - Descriptores | Exportación-Perú-Manuales, etc. |
| 942 ## - Datos personalizados Koha | |
| Tipo de Documento | Libros |
| Fecha procesamiento | 2025-02-17 |
| Catalogador | AAOH |
| Fuente de Clasificacion | Deterioro (estado) | Ubicacion permanente | Ubicacion actual | Fecha de Ingreso a la Biblioteca | Numero inventario | Prestamos | Signatura Topográfica | Código de barras | Ultima fecha de verificacion | Tipo de Item | Ubicación en edificio | Precio dolares |
|---|---|---|---|---|---|---|---|---|---|---|---|---|
| Dewey Decimal Classification | Biblioteca Municipal Manuel Beingolea | Biblioteca Municipal Manuel Beingolea | 02/17/2025 | 004260 | 382.6 R68 1994 | 004260 | 02/17/2025 | Libros | Estantería cerrada |





